|
|
|
|
| LEADER |
00918nam a2200241 a 4500 |
| 001 |
1212906 |
| 008 |
090802s2000 njuab b 001 0 eng d |
| 010 |
|
|
|a 99019865
|
| 020 |
|
|
|a 0130825778 (alk. paper)
|
| 040 |
|
|
|a DLC
|c DLC
|d DLC
|
| 082 |
0 |
0 |
|a 973/.0496073
|2 21
|
| 100 |
1 |
|
|a Pinkney, Alphonso.
|
| 245 |
1 |
0 |
|a Black Americans /
|c Alphonso Pinkney.
|
| 250 |
|
|
|a 5th ed.
|
| 260 |
|
|
|a Upper Saddle River, N.J. :
|b Prentice Hall,
|c c2000.
|
| 300 |
|
|
|a xii, 274 p. :
|b ill., map ;
|c 23 cm.
|
| 504 |
|
|
|a Includes bibliographical references and indexes.
|
| 541 |
1 |
|
|e 00009667
|
| 650 |
|
0 |
|a African Americans
|x History.
|
| 650 |
|
0 |
|a African Americans.
|
| 852 |
4 |
|
|a Ayesha Abed Library
|j General Shelf.
|
| 999 |
|
|
|c 3165
|d 3165
|
| 952 |
|
|
|0 0
|1 4
|2 ddc
|4 0
|6 973_049607300000000_PIN
|7 0
|9 2868
|a BRACUL
|b BRACUL
|c GEN
|d 2009-08-30
|g 0.00
|l 0
|o 973.0496073 PIN
|p 3010009667
|r 2009-08-30
|t 1
|w 2009-08-30
|y BK
|x No price found in the accession register.
|